000 00393nam a2200145Ia 4500
008 220216s9999 xx 000 0 und d
100 _aDayaratne W C
245 0 _aMould contamination of rubber
260 _bRubber Research Institute of Ceylon Quarterly Journal
_c1971
300 _a136-146
650 _aMould contamination
650 _aRubber
700 _aMunasinghe H L
942 _cJS
999 _c63300
_d63300